Vlado Droppa, mladý, talentovaný maliar, rodák z Lipt. Vlách

Bibliographic Details
Format: Article
Language:Slovak
Subjects:

MARC

LEADER 00000nab a22000001a 4500
001 vtls008998643
003 SK-MaSNL
005 20260303065853.0
008 070613d19360208xo |r|p|||| |000 b|slo
015 |a SNBRRBVU1918-1938 
038 |a SNKBUCL 
038 |a SNKBUVU 
040 |a SNKBUVU  |b slo  |c SNKBUCL  |e AACR2 
041 0 |a slo 
044 |a xo  |c SK 
080 |a 75.071.1  |2 1997 
080 |a 929 Droppa, Vladimír  |2 1997 
245 0 0 |a Vlado Droppa, mladý, talentovaný maliar, rodák z Lipt. Vlách 
600 1 7 |a Droppa, Vladimír,  |d 1907-1994  |2 MM  |9 38610 
655 7 |a fotografie  |2 MM  |9 70713 
773 0 |t Nový svet  |g Roč. 11, č. 6 (8.2.1936), s. 3 
852 |a SNK  |b KIS3GCP 
910 |a snkrbvumm 
958 |a VY 
958 |a BX 
999 |c 1753055  |d 1754985